Szczegóły MARC21

Variante des verfehlten Lebens : Uwe Johnsons "Skizze eines Verunglückten" /

003 -Nazwa inst., której nr kontr. jest w polu 001 [,]
    • @
    • Nazwa instytucji, której n kontrolny jest w polu 001
    • NUKAT
005 -DATA I CZAS OSTATNIEJ MODYFIKACJI [,]
    • @
    • pole kontrolne
    • 20241231102700.0
020 -Międzynarod. znormalizowany nr książki - ISBN [ , ]
    • a
    • Numer ISBN
    • 3631339488 Find
040 -Instytucja sporządzająca opis [ , ]
    • a
    • Instytucja, która sporządziła opis (NP)
    • SZCZ U/AB
    • b
    • Język katalogowania
    • pol
    • e
    • Zasady katalogowania
    • rda
    • c
    • Instytucja, która sporządziła rekord (NP)
    • SZCZ U/ABs
942 -Rodzaj dokumentu [ , ]
    • c
    • Rodzaj dokumentu
    • Książka
100 -Hasło główne - nazwa osobowa [1, ]
    • a
    • Nazwa osobowa (NP)
    • Bürgerhausen, Corinna
    • d
    • Daty biograficzne (NP)
    • (1970- ).
    • e
    • Rodzaj współpracy
    • Autor
    • 9
    • KHW
    • 646378
245 -Strefa tytułu i oznaczenia odpowiedzialności [1,0]
    • a
    • Tytuł
    • Variante des verfehlten Lebens : Find
    • b
    • Ciąg dalszy tytułu (NP)
    • Uwe Johnsons "Skizze eines Verunglückten" / Find
    • c
    • Pozostałe elementy strefy tytułu i oznaczenia odpowiedzialności (NP)
    • Corinna Bürgerhausen.
260 -Strefa adresu wydawniczego [ , ]
    • a
    • Miejsce wydania (P)
    • Frankfurt am Main [i pozostałe] :
    • b
    • Nazwa wydawcy (P)
    • Peter Lang Europäischer Verlag der Wissenschaften,
    • c
    • Data wydania (P)
    • 1999.
300 -Strefa opisu fizycznego [ , ]
    • a
    • Określenie formy książki i/lub objętość (NP)
    • 158 stron ;
    • c
    • Format (NP)
    • 21 cm.
336 -Typ zawartości [ , ]
    • a
    • Termin opisujący typ zawartości
    • Tekst
    • b
    • Kod określający zawartość
    • txt
    • 2
    • Źródło (terminu i kodu)
    • rdacontent
337 -Typ mediów [ , ]
    • a
    • Tryb odtwarzania
    • Bez urządzenia pośredniczącego
    • b
    • Kod typu mediów
    • n
    • 2
    • Źródło (terminu i kodu)
    • rdamedia
338 -Typ/rodzaj nośnika [ , ]
    • a
    • Hasło opisujące typ nośnika
    • Wolumin
    • b
    • Kod typu nośnika
    • nc
    • 2
    • Źródło (terminu i kodu)
    • rdacarrier
490 -Strefa serii i książki wielotomowej - forma nie do wyszukiwania [1, ]
    • a
    • Tytuł (P)
    • Literarhistorische Untersuchungen, Find
    • x
    • ISSN (NP)
    • 0174-5751 ;
    • v
    • Numeracja (P)
    • Bd. 33
830 -Hasło dodatkowe serii i opisu książki wielotomowej - tytuł ujednolicony/tytuł [ ,0]
    • a
    • Tytuł ujednolicony/tytuł (NP)
    • Literarhistorische Untersuchungen
    • x
    • ISSN
    • 0174-5751
    • v
    • Oznaczenie tomu (NP)
    • Bd. 33
    • 9
    • KHW
    • 644260
504 -Uwaga dot. bibliogr. załącznikowej [ , ]
    • a
    • Uwaga dot. bibliografii załącznikowej
    • Bibliografia na stronach 145-158.
080 -Uniwersalna Klasyfikacja Dziesiętna [ , ]
    • a
    • Symbol klasyfikacji
    • 830(091)-3"19"Johnson U.=30
080 -Uniwersalna Klasyfikacja Dziesiętna [ , ]
    • a
    • Symbol klasyfikacji
    • :82.03=30
600 -Hasło przedmiotowe w formie nazwy osobowej [1,7]
    • a
    • Nazwa osobowa
    • Johnson, Uwe
    • d
    • Daty związane z nazwą
    • (1934-1984)
    • x
    • Określnik rzeczowy
    • krytyka i interpretacja.
    • 2
    • Źródło terminu
    • kaba
    • 9
    • KHW
    • 483117
600 -Hasło przedmiotowe w formie nazwy osobowej [1,7]
    • a
    • Nazwa osobowa
    • Johnson, Uwe
    • d
    • Daty związane z nazwą
    • (1934-1984).
    • t
    • Tytuł
    • Skizze eines Verunglückten
    • 2
    • Źródło terminu
    • kaba
    • 9
    • KHW
    • 646649
980 -Symbol UKD [ , ]
    • a
    • UKD
    • 830(091)-3"19"Johnson U.:82.03]=30
710 -Hasło dodatkowe - nazwa ciała zbiorowego [2, ]
    • a
    • Nazwa ciała zbiorowego lub nazwa geograficzna jako pierwszy element (NP)
    • Verlag Peter Lang.
    • e
    • Rodzaj współpracy
    • Wydawca
    • 4
    • Kod relacji
    • pbl
    • 9
    • KHW
    • 613284
920 -ISBN [ , ]
    • a
    • ISBN
    • 3-631-33948-8 Find
Data inwentaryzacji Status udost. Lokalizacja Sygnatura Numer inwentarzowy
2002-03-04-3BMGerm. Literaturozn. - Johnson 04G.16139